Entry Nombre personal
001 - NÚMERO DE CONTROL
- campo de control: 176272
003 - IDENTIFICADOR DE NÚMERO DE CONTROL
- campo de control: SpMaBN
005 - FECHA Y HORA DE LA ÚLTIMA TRANSACCIÓN
- campo de control: 20240209164345.0
008 - ELEMENTOS DE DATO DE LONGITUD-FIJA
- campo de control de longitud fija: 110318n|#azznnaabn |n aaa
024 7# - IDENTIFICADOR DE OTROS ESTÁNDARES
- Número estándar o código: https://isni.org/isni/0000000118004286
- Fuente: isni
024 7# - IDENTIFICADOR DE OTROS ESTÁNDARES
- Número estándar o código: http://viaf.org/viaf/168925170/
- Fuente: viaf
040 ## - FUENTE DE CATALOGACIÓN
- Centro catalogador/agencia de origen: SpMaBN
- Lengua de catalogación: spa
- Centro/agencia transcriptor: SpMaBN
- Normas de descripción: rdc
- Convención/Normas de encabezamiento de materia/tesauro: embne
046 ## - FECHAS CON CODIFICACIÓN ESPECIAL
- Fecha de nacimiento: 1984
100 1# - ENCABEZAMIENTO-NOMBRE DE PERSONA
- Nombre de persona: Triviño Cabrera, Laura,
- Fechas asociadas al nombre: 1984-
375 ## - GÉNERO/SEXO
- Género: Femenino
377 ## - IDIOMA ASOCIADO
- Código del idioma: spa
- Término de lengua/lenguaje: Español
670 ## - FUENTE DE DATOS ENCONTRADOS
- Cita de la fuente: Ellas también pintaban, 2011
- Información encontrada: port. (Laura Triviño Cabrera) cub. (n. 8-3-1984, en Cádiz)
